Thuhan tha (Record no. 6844)

MARC details
000 -LEADER
fixed length control field 00456nam a22001817a 4500
003 - CONTROL NUMBER IDENTIFIER
control field GBCCL
005 - DATE AND TIME OF LATEST TRANSACTION
control field 20251202135226.0
008 - FIXED-LENGTH DATA ELEMENTS--GENERAL INFORMATION
fixed length control field 180629b ||||| |||| 00| 0 eng d
020 ## - INTERNATIONAL STANDARD BOOK NUMBER
International Standard Book Number 20ZOUQ009
040 ## - CATALOGING SOURCE
Transcribing agency gbc
082 ## - DEWEY DECIMAL CLASSIFICATION NUMBER
Classification number VER 225.5954
Item number ZOU 1
245 ## - TITLE STATEMENT
Title Thuhan tha
260 ## - PUBLICATION, DISTRIBUTION, ETC.
Place of publication, distribution, etc. Bangalore:
Name of publisher, distributor, etc. Bible Society of India
300 ## - PHYSICAL DESCRIPTION
Extent 402 p.;
Other physical details maps,
Dimensions 21 cm.
650 ## - SUBJECT ADDED ENTRY--TOPICAL TERM
Topical term or geographic name entry element Bible
General subdivision New Testament
9 (RLIN) 11333
650 ## - SUBJECT ADDED ENTRY--TOPICAL TERM
Topical term or geographic name entry element Bible (Zou)
9 (RLIN) 12265
942 ## - ADDED ENTRY ELEMENTS (KOHA)
Source of classification or shelving scheme Dewey Decimal Classification
Koha item type Reference Books
Holdings
Withdrawn status Lost status Source of classification or shelving scheme Damaged status Not for loan Home library Current Library Shelving location Date acquired Total checkouts Full call number Barcode Date last seen Copy number Price effective from Koha item type
    Dewey Decimal Classification     GRACE BIBLE COLLEGE GRACE BIBLE COLLEGE Bible 2018-06-29   VER 225.5954 ZOU 002812 2025-05-01 c.1 2018-06-29 Reference Books
    Dewey Decimal Classification     GRACE BIBLE COLLEGE GRACE BIBLE COLLEGE Bible 2018-06-29   VER 225.5954 ZOU 002813 2025-05-01 c.2 2018-06-29 Reference Books
    Dewey Decimal Classification     GRACE BIBLE COLLEGE GRACE BIBLE COLLEGE Bible 2018-06-29   VER 225.5954 ZOU 002814 2025-05-01 c.3 2018-06-29 Reference Books
    Dewey Decimal Classification     GRACE BIBLE COLLEGE GRACE BIBLE COLLEGE Bible 2018-07-25   VER 225.5954 ZOU 002815 2025-05-01 c.4 2018-07-25 Reference Books
    Dewey Decimal Classification     GRACE BIBLE COLLEGE GRACE BIBLE COLLEGE Bible 2024-02-05   VER 225.5954 ZOU 020696 2025-05-09 c.5 2024-02-05 Reference Books
© Grace Bible College Library 2025